[Event "ICS Rated blitz match"]
[Site "207.99.83.227"]
[Date "1999.04.01"]
[Round "?"]
[White "Hossa"]
[Black "toothfairy"]
[Result "1-0"]
[WhiteElo "2402"]
[BlackElo "2053"]
[Annotator "Fritz 5.32 (15s)"]
[PlyCount "89"]

1. e4 e5 2. Nf3 d6 3. d4 Nd7 4. Bd3 Be7 5. Nc3 Ngf6 6. O-O O-O 7. Be3 $146 (7.
Bg5 c6 8. Ne2 Ng4 9. Bxe7 Qxe7 10. c3 Ngf6 11. Ng3 Nb6 12. h3 Re8 13. Re1 Qf8
14. Qd2 h6 15. Re2 Bd7 16. Rae1 Rad8 17. Nh4 Bc8 18. Qc1 g6 19. f4 Qg7 20. fxe5
dxe5 21. Nf3 21... Nbd7 {Pailloux-Piquemal/Dortmund-WB 1988/0-1 (39)}) (7. Re1
c6 8. Ne2 Qc7 9. Ng3 Re8 10. c3 Bf8 11. Nf5 h6 12. Qc2 b6 13. Bd2 Bb7 14. Rad1
c5 15. d5 c4 16. Bf1 b5 17. b4 a5 18. a3 axb4 19. axb4 Ra4 20. Ra1 Rea8 21.
Rxa4 21... Rxa4 {JM,S-RB,E/BCF-ch 1959/0-1 (41)}) (7. Ne2 Re8 8. Ng3 Bf8 9. c3
c6 10. Qc2 g6 11. Bg5 Bg7 12. Rad1 Nf8 13. Rfe1 Qc7 14. h3 h6 15. Bc1 Ne6 16.
Bf1 Nh7 17. d5 Neg5 18. Nxg5 hxg5 19. Bc4 c5 20. Be2 Rf8 21. Bg4 21... Bd7 {
Manina-Matveeva Svetlana/Ch URS (team), Moscow (Russia) 1966/1-0 (49)}) 7... c6
{Staerkt b5} 8. Qd2 Qc7 9. Rad1 Re8 10. Qe2 Nf8 (10... Ng4 11. dxe5 Ndxe5 12.
Nxe5 Nxe3 13. fxe3 dxe5 14. Bc4 $11) 11. dxe5 dxe5 12. a4 Ng6 13. Ng5 Rf8 14.
Bc4 Bg4 15. f3 Bd7 (15... Bc8 16. Qf2 $11) 16. Nxf7 (16. Rd3 Nh5 17. Nxf7 Rxf7
18. Bxf7+ 18... Kxf7 $11) 16... Rxf7 17. Qf2 17... b6 {Verwehrt dem Gegner c5}
18. Bxf7+ Kxf7 19. Rd3 Be6 20. Ne2 Rd8 21. Rfd1 Rxd3 22. Rxd3 Nd7 23. f4 Bc4
24. f5 {Raumgewinn} 24... Ngf8 (24... Bxd3 $4 {waere ein schrecklicher Fehler}
25. fxg6+ Kg8 26. Qf7+ (26. cxd3 $6 {ist minderwertig} 26... hxg6 27. d4 27...
Qd6 $14) 26... Kh8 27. Qxe7 $18 (27. cxd3 $6 {ist klar schwaecher} 27... Qd6
$16)) 25. Rd2 25... Bxe2 $11 (25... Bb4 26. c3 Be7 27. Qf3 $17) 26. Qxe2 Bc5 (
26... Nf6 27. g4 $11) 27. Qc4+ $15 (27. Bxc5 Nxc5 28. b3 28... g6 $11) 27...
Kf6 $11 (27... Ke8 28. Bxc5 Nxc5 29. a5 $15) 28. Bxc5 Nxc5 29. a5 29... Qe7 $16
(29... Ncd7 $5 $11 $142 {ist vielleicht staerker}) 30. b4 Ncd7 31. Qxc6+ Kf7
32. Qc4+ (32. Qd5+ Ke8 33. axb6 axb6 34. Qa8+ 34... Kf7 $16) 32... Ke8 33. a6
$14 (33. axb6 Nxb6 34. Qc6+ 34... Kf7 $16) 33... Qg5 34. Rd1 Qe3+ 35. Kh1 Ke7
36. Qd5 $14 (36. Qd3 36... Qf4 $16) 36... Qe2 $16 (36... Qc3 37. Qb3 Qxb3 38.
cxb3 $11) 37. c4 $14 (37. Qd3 $5 37... Qg4 38. Qd6+ Ke8 39. Qd5 $16) 37... g6
$16 (37... Nf6 $5 $142 {bedarf naeherer Analyse} 38. Qxe5+ 38... Kf7 $14) 38.
c5 bxc5 39. fxg6 {Es droht Matt} 39... hxg6 40. bxc5 Qxa6 (40... Nf6 41. Qb7+
$1 {bringt Weiss in Vorteil} 41... Ke8 42. Rb1 $18) 41. c6 Nb6 42. Qxe5+ Ne6
43. Ra1 {Droht Matt} 43... Nc4 (43... Na4 {nuetzt auch nichts mehr} 44. Qb8 Qa5
45. e5 $18) 44. Qxe6+ $3 {ein feines Opfer} (44. Rxa6 $6 {
ist deutlich schlechter} 44... Nxe5 45. Kg1 45... Kd8 $16) 44... Kxe6 45. Rxa6
(45. Rxa6 Kd6 46. h4 $18) 1-0

[Event "ICS Rated blitz match"]
[Site "207.99.83.227"]
[Date "1999.04.01"]
[Round "?"]
[White "Hossa"]
[Black "TDChess"]
[Result "0-1"]
[WhiteElo "2410"]
[BlackElo "2472"]
[Annotator "Fritz 5.32 (15s)"]
[PlyCount "170"]

1. e4 e6 2. Nf3 d5 3. exd5 exd5 4. Bb5+ (4. Be2 Nc6 5. O-O Bd6 6. Re1 Nge7 7.
d4 O-O 8. h3 Bf5 9. c3 Re8 10. Bd3 Rb8 11. Bxf5 Nxf5 12. Bg5 Rxe1+ 13. Qxe1 Qe8
14. Nbd2 f6 15. Qxe8+ Rxe8 16. Bh4 g5 17. Bg3 Nxg3 18. fxg3 Bxg3 19. Nf1 Bf4
20. Re1 Re7 21. Rxe7 Nxe7 22. b3 Kf7 23. Kf2 Ke6 24. g3 Bd6 25. Ne3 Nf5 26.
Nxf5 Kxf5 27. Nd2 c6 28. Kf3 h5 29. g4+ hxg4+ 30. hxg4+ Ke6 31. c4 Bf4 32. Nb1
dxc4 33. bxc4 b5 34. cxb5 cxb5 35. Ke4 b4 36. a4 b3 37. d5+ Kd6 38. Kd4 b2 39.
Na3 Be5+ 40. Kc4 a6 41. Nb1 f5 42. gxf5 g4 43. Kd3 g3 44. Ke3 Kxd5 45. Kf3 Kc5
46. f6 Kd6 47. f7 47... Ke7 {0-1 Bench-GriffySr/ICS u 1995 (47)}) (4. Nc3 Nf6
5. d4 Bg4 6. Be2 Bb4 7. O-O O-O 8. Bg5 Bxc3 9. bxc3 Nbd7 10. Re1 c6 11. Ne5
Bxe2 12. Rxe2 Qc7 13. f3 Nxe5 14. dxe5 Nd7 15. Qd4 Rfe8 16. Rae1 Nb6 17. Qc5
17... Nc4 {0-1 Virkamaeki,L-Rozhic,I/EuYouth U12 Boys, Tallinn EST 1997 (17)})
4... c6 5. Be2 $146 (5. Qe2+ Qe7 6. Qxe7+ Bxe7 7. Be2 Nf6 8. O-O Bg4 9. Re1
Nbd7 10. Bd3 Bxf3 11. gxf3 Nc5 12. b3 Nxd3 13. cxd3 Kd7 14. Ba3 Rae8 15. Bxe7
Rxe7 16. Rxe7+ Kxe7 17. Nc3 Re8 18. Re1+ Kd7 19. Rxe8 Kxe8 20. Na4 Nd7 21. d4
b6 22. Nb2 Nf8 23. Nd3 Ne6 24. Ne5 Nxd4 25. Nxc6 Nxc6 26. Kf1 Ke7 27. Ke2 Ke6
28. Ke3 g5 29. f4 d4+ 30. Ke4 f5+ 31. Kf3 g4+ 32. Kg3 d3 33. f3 h5 34. fxg4
hxg4 35. h3 gxh3 36. Kxh3 Nd4 37. Kg3 Kd5 38. Kf2 Ke4 39. b4 39... Kxf4 {
Muench,S-Prause,R/1, DEM U13 Lingen 1995/0-1 (53)}) 5... Nf6 6. O-O Bd6 7. d3 {
Sichert e4} 7... O-O 8. Bg5 (8. Re1 8... Re8 $11) 8... h6 9. Bh4 g5 10. Bg3
Bxg3 11. hxg3 Qb6 12. b3 Re8 13. Re1 Bf5 (13... c5 14. d4 $15) 14. Nbd2 (14. c3
14... Nbd7 $11) 14... c5 15. Rc1 Nc6 16. Nf1 g4 17. N3h2 h5 18. Qd2 Nd4 19.
Qg5+ (19. Ne3 19... Bg6 $15) 19... Kh7 $11 (19... Bg6 $5 20. Ne3 20... Qd8 $15)
20. Ne3 Bg6 (20... Qe6 21. Bf1 Rg8 22. Qf4 $18) 21. Bf1 $15 (21. c3 Nxe2+ 22.
Rxe2 d4 (22... Bxd3 $143 23. Nxd5 Nxd5 24. Rxe8 Rxe8 25. Qxh5+ Kg7 26. Qxd5 $14
) 23. cxd4 23... cxd4 $15) 21... Qd8 22. Rcd1 $17 (22. c3 Ne6 23. Qh4 d4 24.
cxd4 24... cxd4 $15 (24... Qxd4 $143 25. Rc4 Qd8 26. Nexg4 $14)) 22... Rc8 (
22... Ne6 23. Qe5 $17) 23. Kh1 (23. f3 Ne6 24. Qh4 gxf3 25. Nxf3 25... d4 $17)
23... Kg7 (23... Ne6 24. Qe5 $17) 24. c4 (24. Be2 Ne6 25. Qe5 d4 26. Nf5+ Bxf5
27. Qxf5 Qd5 28. Qxd5 28... Nxd5 $17) 24... dxc4 25. Nxc4 Re6 26. Rxe6 Nxe6 (
26... fxe6 $6 27. Ne5 Qe8 28. f3 $11) 27. Qe5 Qd7 (27... Qd4 28. Qxd4 Nxd4 29.
Re1 $17) 28. Re1 Re8 (28... Nd4 29. Qf4 $17) 29. Nd6 Rd8 30. Nf5+ (30. Ne4 Bxe4
31. Rxe4 31... Qd5 $15) 30... Bxf5 31. Qxf5 Qd4 32. Re5 Qb4 (32... Rd5 33. f4
$17) 33. f3 Qd4 34. a4 $19 (34. a3 $5 $17) 34... gxf3 $15 (34... Rh8 $5 $19
$142) 35. gxf3 $17 {Deckt e4+g4} (35. Nxf3 35... Qd6 $15) 35... Qb4 36. g4 h4 (
{Schwaecher scheint} 36... Qxb3 37. Rxc5 b6 38. Re5 $15) 37. a5 $19 (37. Rxe6
fxe6 38. Qxe6 38... Rd5 $17) 37... Qxa5 38. g5 Nh5 39. Kg1 Qc3 (39... Qb6 40.
Re3 Qd6 41. Ng4 Qg3+ 42. Kh1 $19) 40. Re4 (40. Ng4 40... Rh8 $19) 40... Qxb3 $4
$15 {gibt den Vorteil aus der Hand} (40... Ng3 $142 {
und aller Vorteil laege nun bei Schwarz} 41. Qf6+ Qxf6 42. gxf6+ Kxf6 43. Rxh4
Nxf1 44. Kxf1 44... Rxd3 $19) 41. Qe5+ $17 (41. g6 Nef4 42. Ng4 Qd5 43. Rxf4
fxg6 (43... Nxf4 44. Qf6+ Kf8 45. Qh8+ Ke7 46. Qxh4+ Ke6 47. Qf6+ Kd7 48. Qxf4
$16) 44. Qxd5 44... Rxd5 $11) 41... Kg6 42. f4 42... Nexf4 $11 (42... Nd4 $5
$142 43. Qxc5 Qd5 44. Qxd5 44... Rxd5 $19) 43. Rxf4 Nxf4 44. Qxf4 $15 (44. Qf6+
$5 {ist interessant} 44... Kh7 45. Qh6+ Kg8 46. Ng4 Nh3+ 47. Kh2 Qb2+ 48. Kxh3
$11) 44... Qb2 $11 (44... Qd5 $5 {muss beachtet werden} 45. Nf3 45... Kh7 $15)
45. Nf3 Kg7 46. Qxh4 $15 (46. d4 Qb6 47. Nxh4 47... Rd5 $16 (47... cxd4 $2 {
ist falsch} 48. Nf5+ Kg8 49. Qe5 d3+ 50. Kg2 $18)) 46... Qa1 $11 (46... Qb6 47.
Qh2 $15) 47. Qc4 $15 (47. d4 Qc3 (47... cxd4 $4 48. Qh6+ Kg8 49. g6 fxg6 50.
Qxg6+ Kf8 51. Qf6+ Kg8 52. Qxd8+ Kf7 53. Nxd4 $18) 48. Qh6+ 48... Kg8 $11)
47... b6 48. Kf2 Re8 49. Qc2 (49. d4 cxd4 50. Qd5 Qb2+ 51. Kg3 51... Qc3 $15)
49... Rh8 $14 (49... Qa3 50. Qd2 $11) 50. Qb3 $11 (50. d4 Rh1 51. Bg2 51... Rc1
$11) 50... Rh1 51. Be2 Rb1 52. Qd5 52... Rc1 $14 (52... Qc3 53. Qf5 $11) 53.
Ne5 $15 (53. d4 $5 {ist die kritische Fortsetzung} 53... Qb2 54. dxc5 bxc5 55.
Nh4 $14) 53... Qd4+ 54. Qxd4 {Droht Matt: Qd7} 54... cxd4 55. Nf3 Rc5 (55... a5
56. Nxd4 a4 57. Nb5 $17) 56. Nxd4 Rxg5 57. Nf3 Rh5 58. d4 b5 (58... a5 59. Nd2
Rh2+ 60. Ke3 $17) 59. Ne5 Rg5 60. Nc6 (60. Bxb5 $2 {wird widerlegt durch} 60...
f6 61. Nc6 Rxb5 62. Nxa7 62... Rb3 $19) 60... a6 61. Bd3 (61. Ke3 61... Kf6 $17
) 61... Rh5 (61... Kf6 62. Bc2 $17) 62. Kg3 (62. Ke3 62... Kf6 $17) 62... Rh6
63. Ne7 Kf8 64. Nf5 Rb6 65. d5 b4 66. d6 (66. Kf4 $5 $19) 66... Ke8 {
Nun geraet Weiss unter starken Druck.} 67. Kf4 b3 68. Ke5 b2 69. Bb1 Rc6 70.
Be4 70... Rc4 {Schwarz droht stark f6} 71. Ng7+ (71. Bd3 71... Rc1 $19) 71...
Kf8 72. Bb1 (72. Bd3 {kann das Vorangegangene nicht ungeschehen machen} 72...
Rc3 (72... Kxg7 $143 73. d7 f6+ 74. Kd5 $19) 73. Bb1 73... Rc1 $19 (73... Kxg7
$6 74. d7 Rc5+ 75. Ke4 f5+ 76. Kd4 $19)) 72... Rc1 (72... Kxg7 {
gibt noch groesseren Vorteil} 73. d7 f6+ 74. Kd6 Rd4+ 75. Ke7 $19) 73. d7 Ke7
74. Bd3 Re1+ 75. Kf5 a5 76. d8=Q+ Kxd8 77. Kg5 (77. Kf6 {
aendert nichts am Ausgang der Partie} 77... a4 78. Kxf7 a3 79. Ne6+ 79... Kc8
$19) 77... a4 78. Kh5 a3 79. Nf5 79... a2 {Ermoeglicht auch b1} 80. Nd6 a1=Q
81. Nxf7+ 81... Ke7 {Mit der Mattdrohung Qd1} 82. Kh6 b1=Q (82... Kf6 83. Kh5
Qd1+ 84. Be2 Qxe2+ 85. Kh4 Rg1 86. Nd6 Qg4#) 83. Kh7 (83. Bxb1 {
hilft allerdings auch nicht} 83... Rh1+ 84. Kg5 Qf6+ 85. Kg4 Rg1+ 86. Kh3 Qf3+
87. Kh4 Qg4#) 83... Qxd3+ 84. Kh6 Qf6+ 85. Kh5 Qdg6# 0-1

[Event "ICS Rated blitz match"]
[Site "207.99.83.227"]
[Date "1999.04.01"]
[Round "?"]
[White "nimraz"]
[Black "Hossa"]
[Result "0-1"]
[WhiteElo "2187"]
[BlackElo "2397"]
[Annotator "Fritz 5.32 (15s)"]
[PlyCount "46"]

1. e4 e5 2. Nf3 Nc6 3. Bc4 Bc5 4. O-O Nf6 5. Bb3 $15 (5. c3 d6 6. d4 exd4 7.
cxd4 Bb6 8. Nc3 Bg4 9. d5 Nd4 10. Be2 Nxf3+ 11. Bxf3 Bxf3 12. Qxf3 O-O 13. Qg3
g6 14. Bg5 Bd4 15. a3 Qd7 16. h3 Rfe8 17. Rfe1 Rab8 18. Qf3 c6 19. Bxf6 cxd5
20. Bxd4 dxe4 21. Rxe4 Rxe4 22. Nxe4 Rc8 23. Qf6 Kf8 24. Re1 Re8 25. Bc3 d5 26.
Nc5 Qc7 27. Qh8# {
1-0 Nabernik Marija-Capuano Stoppe Ales/Ch World (cadets) (g) (under 1993 (27)}
) (5. Nc3 d6 6. h3 Be6 7. Bb3 Bxb3 8. axb3 O-O 9. d3 h6 10. Be3 Nd4 11. Bxd4
Bxd4 12. Nxd4 exd4 13. Nb5 c5 14. c3 dxc3 15. bxc3 a6 16. Na3 d5 17. e5 Nd7 18.
d4 Qa5 19. Qd2 19... cxd4 {Asano,C-Santos Cabanas,C/Laguna (BRA) 1996/1-0 (41)}
) (5. Re1 O-O 6. c3 Re8 (6... Qe7 7. d4 exd4 8. e5 Ng4 9. cxd4 Nxd4 10. Nxd4
Qh4 11. Nf3 Qxf2+ 12. Kh1 Qg1+ 13. Nxg1 13... Nf2# {0-1 NN-Greco (13)}) 7. d4
exd4 8. e5 Ng4 9. Bg5 Nxf2 10. Qb3 dxc3 11. Bxd8 cxb2 12. Nc3 Nd1+ 13. Kf1
bxa1=Q 14. Rxd1 Qxd1+ 15. Nxd1 15... Nxd8 {0-1 NN-Greco (15)}) (5. Bd5 5... O-O
$11) 5... Nxe4 6. Nxe5 $17 (6. Qe1 Nf6 7. Nxe5 7... O-O $15) 6... Nxf2 {
Nun geraet Weiss unter starken Druck.} 7. Bxf7+ Kf8 8. Nxc6 $19 (8. d4 $5 8...
Bxd4 9. Nxc6 dxc6 10. Bb3 $19) 8... Nxd1+ (8... bxc6 {ist deutlich schlechter}
9. Qe2 Ne4+ 10. Kh1 $14) 9. d4 9... dxc6 {Droht Matt} (9... bxc6 $6 10. Bh5+
Nf2 11. Rxf2+ Kg8 12. Bf7+ Kf8 13. Bh5+ Kg8 14. Bf7+ Kf8 15. Bh5+ $11) 10. Bh5+
10... Ke7 $1 {ist die Ueberraschung!} 11. Bg5+ Kd7 12. Bg4+ (12. Bxd8 {
sonst gehen die Lichter sofort aus} 12... Bxd4+ $1 {die Entscheidung} 13. Kh1
$19) 12... Ke8 {Droht Matt: Qxd4} 13. Bxd8 (13. Bh5+ {
kann das Vorangegangene nicht ungeschehen machen} 13... g6 14. Bxd8 Bxd4+ (
14... gxh5 {waere ein Fehlgriff} 15. dxc5 Ne3 16. Re1 $16) 15. Kh1 15... Ne3
$19 (15... Kxd8 $6 {ist wenig wert} 16. Rxd1 c5 17. c3 gxh5 18. cxd4 $15) (
15... gxh5 {bringt nichts} 16. c3 Ne3 17. Rf2 $19)) 13... Bxd4+ $1 {
entscheidend} 14. Kh1 {Wenn Weiss jetzt zu Bh5 kaeme...} 14... Bxg4 (14... Kxd8
$6 {waere hingegen schwach, denn} 15. Rxd1 c5 16. Bf3 $15) 15. Bh4 (15. c3 {
holt die Kuh nicht vom Eis} 15... Rxd8 16. cxd4 16... Nxb2 $19) 15... Bxb2 16.
Nc3 (16. h3 {hilft auch nicht mehr} 16... Bh5 $19) 16... Nxc3 17. Rae1+ Be2 18.
Rf3 (18. Rf2 {holt die Kuh nicht vom Eis} 18... Rf8 19. Rfxe2+ Nxe2 20. Rxe2+
Kd7 21. Rd2+ 21... Ke6 $19) 18... Rf8 19. Rxc3 Bxc3 20. Rxe2+ 20... Kd7 {
Es droht Matt} 21. g4 21... Rae8 {Mit der Mattdrohung Rxe2} 22. Bd8 (22. Rxe8 {
ist noch eine duenne Chance} 22... Rxe8 23. Bf2 $19) 22... Rxe2 23. Bxc7 (23.
Bf6 {aendert den traurigen Lauf der Dinge nicht} 23... Rxf6 24. Kg1 Bd4+ 25.
Kh1 Rf1#) 23... Rf1# 0-1

[Event "ICS rated blitz match"]
[Site "207.99.83.227"]
[Date "1999.04.01"]
[Round "?"]
[White "toothfairy"]
[Black "Hossa"]
[Result "1-0"]
[WhiteElo "2045"]
[BlackElo "2408"]
[Annotator "Fritz 5.32 (15s)"]
[PlyCount "63"]

1. e4 c5 2. c4 Nc6 3. Ne2 e5 4. Nbc3 (4. g3 h5 5. h3 d6 6. Nbc3 Nf6 7. d3 Be6
8. Bg2 Be7 9. Be3 Nd7 10. Qd2 a6 11. Nd5 b5 12. b3 b4 13. O-O g6 14. f4 Bxd5
15. cxd5 Nd4 16. Bxd4 exd4 17. e5 dxe5 18. d6 18... Bxd6 {
Voss,E-Sarveniazi,A/Bad Zwesten GER 1999/1-0 (43)}) 4... Nf6 (4... d6 5. d3 Be7
6. a3 Bg5 7. Bxg5 Qxg5 8. Nd5 Qd8 9. b4 b6 10. Nec3 Nf6 11. g3 Nxd5 12. Nxd5
O-O 13. Bg2 Be6 14. Ne3 cxb4 15. Qa4 Nd4 16. Qxb4 a5 17. Qb2 b5 18. cxb5 a4 19.
O-O {Spangenberg,H-Hernandez,G/Sevilla op 1994/0-1 (54)}) 5. d3 5... Be7 $146 (
5... d6 6. g3 g6 7. Bg2 Bg7 8. O-O O-O 9. f4 Nd4 10. h3 a6 11. g4 exf4 12. Nxf4
Rb8 13. Be3 h6 14. Qd2 Kh7 15. Nfd5 Nxd5 16. Nxd5 b5 17. g5 hxg5 18. Bxg5 f6
19. Be3 bxc4 20. dxc4 {Liiva,R-Sevtsenko,R/tt, Tallinn EST 1996/0-1 (41)}) 6.
Ng3 (6. Nd5 6... O-O $11) 6... O-O (6... d6 7. Be2 $11) 7. Be2 Qb6 (7... Nd4 8.
O-O $11) 8. O-O d6 (8... Nd4 9. Bg4 $11) 9. Nd5 {Schoenes Feld d5!} (9. Nh5
9... Be6 $14) 9... Nxd5 10. cxd5 {Weiss engt den Gegner ein} 10... Nd4 {
d4, ein Paradefeld} 11. Bg4 11... f5 {
Schwarz packt die Bauernkette an der Wurzel} 12. exf5 Bxf5 13. Nxf5 Nxf5 14. b3
Rae8 15. Kh1 Qb5 16. f4 16... Bd8 $16 (16... Nd4 $5 $11 $142 {
und Schwarz kann noch kaempfen}) 17. fxe5 17... Rxe5 {
Weiss entwickelt Drohungen in der offenen e-Linie.} 18. Bf3 $4 $17 {
danach wendet sich das Blatt} (18. Bb2 $142 18... Rxd5 19. Qe2 $16) 18... Nh4
$11 (18... Ba5 $5 $17) 19. a4 $15 (19. Bg4 Nf5 20. Bb2 Rxd5 21. Qe2 $16) 19...
Qa6 $11 (19... Qb4 $5 {ist zu beachten} 20. Be4 Rxf1+ 21. Qxf1 21... Bf6 $15)
20. Bb2 $15 (20. Bg4 20... Bf6 $11) 20... Ref5 21. Qe2 Nxf3 22. Rxf3 22... Rxf3
{Isolierte Bauern sind verwundbar} 23. gxf3 23... h6 $4 $18 {
wirft den Vorteil weg} (23... Bf6 $142 {
war die einzige Moeglichkeit, noch zu kaempfen} 24. Qe6+ Rf7 25. Bxf6 Qxd3 (
25... gxf6 $4 26. Rg1+ Kf8 27. Qc8+ Ke7 28. Re1#) 26. Qc8+ Rf8 27. Qe6+ Rf7 28.
Qe8+ Rf8 29. Qe6+ 29... Rf7 $11) 24. Rg1 {Droht Matt: Qe6} 24... Bf6 (24... Bg5
25. h4 b6 26. Qe6+ Rf7 27. Qe8+ 27... Rf8 $18) 25. Qe6+ Kh7 26. Bxf6 Rxf6 27.
Qd7 Rg6 28. Qf5 Kg8 (28... Qxd3 {aendert nichts am Ausgang der Partie} 29. Qxd3
Kg8 30. Qxg6 Kf8 31. Re1 c4 32. Re8#) 29. Qxg6 Kf8 30. Re1 Qxa4 31. bxa4 Kg8 (
31... b5 {nuetzt auch nichts mehr} 32. Re8#) 32. Re8# 1-0

[Event "ICS rated blitz match"]
[Site "207.99.83.227"]
[Date "1999.04.01"]
[Round "?"]
[White "Hossa"]
[Black "inmortal"]
[Result "1-0"]
[WhiteElo "2390"]
[BlackElo "2333"]
[Annotator "Fritz 5.32 (15s)"]
[PlyCount "75"]

1. e4 e5 2. Nf3 Nc6 3. Bc4 Nf6 4. Ng5 d5 5. exd5 Na5 6. Bb5+ c6 7. dxc6 bxc6 8.
Qf3 Qc7 9. Nc3 9... Be7 $4 $16 {gibt den Vorteil aus der Hand} (9... Bg4 $142
10. Nd5 Nxd5 11. Qxd5 Rb8 12. Qxf7+ Qxf7 13. Nxf7 13... Kxf7 $17) 10. Nd5 10...
Nxd5 $2 $18 (10... Qb7 $142 11. Ba6 Qd7 12. Nxe7 Qxe7 13. Bxc8 13... Rxc8 $18)
11. Qxf7+ Kd8 12. Qxd5+ $3 {kraftvoll gespielt} (12. Qxg7 $2 {
funktioniert nicht} 12... Bf6 13. Qxc7+ Kxc7 14. Nxh7 14... Rxh7 $19) 12... Bd7
(12... Bd6 13. Nf7+ Ke7 14. Qxd6+ Qxd6 15. Nxd6 Kxd6 16. Bd3 $18) 13. Ne6+ Kc8
14. Ba6+ Kb8 15. Nxc7 {Es droht Matt} 15... cxd5 16. Nxa8 Rf8 17. Nb6 (17. f3 {
und Weiss haette es noch leichter} 17... Kxa8 18. Kd1 18... Nc6 $18) 17... axb6
18. Be2 Nc6 19. c3 e4 (19... Kc7 {aendert nichts mehr} 20. b4 $18) 20. O-O Ne5
21. a4 g5 (21... Bg4 {hilft allerdings auch nicht} 22. Bb5 $18) 22. a5 b5 (
22... bxa5 {aendert den traurigen Lauf der Dinge nicht} 23. Rxa5 Be6 24. b3 $18
) 23. b3 g4 (23... b4 {macht keinen grossen Unterschied} 24. a6 $18) 24. a6 (
24. Ba3 {ist genauer} 24... Bxa3 25. Rxa3 25... h5 $18) 24... Nf3+ 25. gxf3 (
25. Kh1 {erleichterte Weiss die Gewinnfuehrung} 25... Ne5 $18) 25... gxf3 26.
a7+ (26. Bxf3 {laesst dem Gegner kaum Chancen} 26... Rxf3 27. Ba3 27... Bg5 $18
) 26... Ka8 27. Bxf3 exf3 28. Kh1 Bh3 29. Rg1 29... Bg2+ $2 (29... Bh4 $142 30.
Ba3 30... Rc8 $18) 30. Rxg2 fxg2+ 31. Kxg2 Bc5 32. d4 Bxa7 33. Ra5 Rb8 (33...
b4 34. cxb4 Kb7 35. Be3 $18) 34. Ba3 Rb7 (34... Rg8+ 35. Kf3 35... Kb7 $18) 35.
Bc5 Kb8 36. Bxa7+ Rxa7 (36... Kc8 {waere gleichermassen fruchtlos} 37. Bc5 $18)
37. Rxb5+ (37. Rxa7 $142 {und Schwarz kann direkt aufgeben} 37... Kxa7 38. Kg3
38... Kb6 $18) 37... Rb7 (37... Kc7 {der letzte Widerstandsversuch} 38. Rxd5
38... Ra6 $18) 38. Rxb7+ (38. Rxb7+ Kxb7 39. Kf3 $18) 1-0